| 000 | 00569nam a2200193Ia 4500 | ||
|---|---|---|---|
| 008 | 151121s9999||||xx |||||||||||||| ||und|| | ||
| 082 | _a811 / देशमु | ||
| 082 | _bHNW-76694 | ||
| 100 | _aदेशमुख उषाताई | ||
| 245 | _aदरवळ | ||
| 260 | _b"साहित्य प्रकाशन, नागपूर।" | ||
| 260 | _c-- | ||
| 300 | _a67 | ||
| 600 | _aदेशमुख उषाताई | ||
| 630 | _aदरवळ | ||
| 700 | _aदेशमुख उषाताई | ||
| 730 | _aदरवळ | ||
| 942 | _cBOOK | ||
| 999 |
_c1258117 _d1258114 |
||